000 00333nam a22001457a 4500
008 250417b ||||| |||| 00| 0 eng d
020 _a9781847498984
041 _aeng
080 _21921
_a82
082 _282LAW
_a82LAW
100 _a01
101 _aGJUHE DHE LETERSI
245 _aWOMEN IN LOVE
_cD.H.LAWRENCE
942 _2udc
_cBK
999 _c60644
_d60644